|
|
|
|
| LEADER |
00000nam0a2200000 4500 |
| 001 |
355327 |
| 005 |
20231102010801.0 |
| 035 |
|
|
|a (RuTPU)RU\TPU\retro\12586
|
| 090 |
|
|
|a 355327
|
| 100 |
|
|
|a 20200706d1958 k y0rusy50 ca
|
| 101 |
0 |
|
|a rus
|
| 102 |
|
|
|a RU
|
| 105 |
|
|
|a a z 000zy
|
| 200 |
1 |
|
|a Температурная зависимость запаздывания разряда в каменной соли
|e [оттиск статьи]
|f К. К. Сончик
|
| 210 |
|
|
|a Москва
|c Изд-во Академии наук СССР
|d 1958
|
| 215 |
|
|
|a С. 76-77
|c ил.
|
| 225 |
1 |
|
|a Доклады Академии Наук СССР
|v Т. 123, № 1
|
| 300 |
|
|
|a Представлено академиком В. Д. Кузнецовым 19 VI 1958
|
| 320 |
|
|
|a Библиогр.: с. 77
|
| 606 |
1 |
|
|a Диэлектрики твердые
|x Электропроводность
|2 stltpush
|3 (RuTPU)RU\TPU\subj\9799
|9 36969
|
| 610 |
1 |
|
|a коллекция ТПУ
|
| 610 |
1 |
|
|a труды учёных ТПУ
|
| 610 |
1 |
|
|a оттиски
|
| 610 |
1 |
|
|a высокие температуры
|
| 610 |
1 |
|
|a низкие температуры
|
| 610 |
1 |
|
|a изоляционные конструкции
|
| 610 |
1 |
|
|a эксплуатация
|
| 610 |
1 |
|
|a напряжение
|
| 610 |
1 |
|
|a электрические поля
|
| 610 |
1 |
|
|a прямоугольные импульсы
|
| 610 |
1 |
|
|a эксперименты
|
| 675 |
|
|
|a 537.226
|v 4
|
| 700 |
|
1 |
|a Сончик
|b К. К.
|c специалист в области электрооборудования летательных аппаратов
|c доцент Томского политехнического университета, кандидат технических наук
|c выпускник Томского политехнического института 1952 г.
|c ветеран Великой Отечественной войны
|f 1924-
|g Константин Константинович
|2 stltpush
|3 (RuTPU)RU\TPU\pers\27494
|
| 801 |
|
1 |
|a RU
|b 63413507
|c 20200706
|
| 942 |
|
|
|c BK
|